Quizzes
Events
Quiz Creation
Community
Videos
Private Events
Remove Ads
Sign In
Join for FREE
Feedback
Dark Mode
Quiz Categories
Sports
Geography
Music
Movies
Television
Just For Fun
Miscellaneous
History
Literature
Language
Science
Gaming
Entertainment
Religion
Holiday
For Kids
Quiz Lab
Recent
Popular Today
Quiz Kudos Today
Editor Picks
Curator Picks
Quizzes by...
Day
Popularity
Type
Ratings
Length
Year
Community
Subscriptions
Recent Discussions
Orange Saloon
Badges
Playlists
Quests
Create
Leaderboards
Showdown
Live 5
Trivia Bingo
Activity
Puzzle Library
Sporcle Events
Private Events
Virtual Trivia
Globe League
Become a Host
Pub Owners
SporcleCon
Opinionation
Our Games
Videos
Blog
Mobile Apps
Partnerships
Remove Ads and Go Orange
Feedback
Sports
Athletes
MLB
NBA
NHL
NFL
Soccer
Sports Teams
WWE
NCAA
Football
Premier League
Basketball
Baseball
Hockey
Golf
Tennis
Cricket
Rugby
Auto Racing
Olympics
World Cup
Sports
Athletes
MLB
NBA
NHL
NFL
Soccer
Sports Teams
WWE
NCAA
Football
Premier League
Basketball
Baseball
Hockey
Golf
Tennis
Cricket
Rugby
Auto Racing
Olympics
World Cup
Random Quiz
Search Sporcle
×
Editor Pick
Editor Pick
Sports
Basketball
Type in answers that appear in a list
Type in answers that appear in a list
Classic
Best Score? Go Orange.
NBA Single Season Franchise Records Stats
Can you name the single season per game record holders for each franchise in the following categories?
By
ec2tc3
10m
150 Questions
19.5K Plays
19,507 Plays
19,507 Plays
Comments
Comments
Give Quiz Kudos
Give Quiz Kudos
-
- Ratings
hide this ad
More Info
Replay
Link that replays current quiz
Next Quiz
Link to next quiz in quiz playlist
You Got
0%
They Got
Avg Score
50%
Avg Friend Score
Upgrade to see
Score Distribution
Jump to the score distribution portion of the page
Score
0/150
Timer
10:00
0
Plays Today
Team
Player
% Correct
Chicago Bulls
Michael Jordan
95.4%
Chicago Bulls
Michael Jordan
95.4%
Cleveland Cavaliers
LeBron James
94.8%
Boston Celtics
Larry Bird
89.8%
Golden State Warriors
Wilt Chamberlain
89.1%
Golden State Warriors
Wilt Chamberlain
89.1%
Los Angeles Lakers
Wilt Chamberlain
89.1%
Philadelphia 76ers
Wilt Chamberlain
89.1%
Philadelphia 76ers
Wilt Chamberlain
89.1%
Los Angeles Lakers
Magic Johnson
88.5%
Los Angeles Lakers
Magic Johnson
88.5%
Phoenix Suns
Kevin Johnson
88.2%
Miami Heat
Dwyane Wade
85.9%
Miami Heat
Dwyane Wade
85.9%
Orlando Magic
Shaquille O'Neal
85.9%
Los Angeles Lakers
Kobe Bryant
85.5%
Boston Celtics
Bill Russell
84.9%
Indiana Pacers
Jermaine O'Neal
84.9%
Dallas Mavericks
Jason Kidd
83.2%
Minnesota T-
Wolves
Kevin Garnett
81.9%
Minnesota T-
Wolves
Kevin Love
81.2%
Brooklyn Nets
Vince Carter
80.4%
Toronto Raptors
Vince Carter
80.4%
Chicago Bulls
Dennis Rodman
80.4%
Detroit Pistons
Dennis Rodman
80.4%
San Antonio Spurs
Dennis Rodman
80.4%
Oklahoma City Thunder
Kevin Durant
80.2%
Houston Rockets
Moses Malone
79.8%
Houston Rockets
Moses Malone
79.8%
Cleveland Cavaliers
Andre Miller
79.1%
Milwaukee Bucks
Kareem Abdul-Jabbar
78.2%
Milwaukee Bucks
Kareem Abdul-Jabbar
78.2%
Milwaukee Bucks
Kareem Abdul-Jabbar
78.2%
Boston Celtics
Rajon Rondo
77.8%
Boston Celtics
Rajon Rondo
77.8%
New Orleans Pelicans
Chris Paul
76.8%
Detroit Pistons
Ben Wallace
76.3%
Orlando Magic
Tracy McGrady
75.2%
Utah Jazz
John Stockton
73.5%
Utah Jazz
John Stockton
73.5%
Houston Rockets
Hakeem Olajuwon
73%
Houston Rockets
Hakeem Olajuwon
73%
Memphis Grizzlies
Pau Gasol
72.2%
Detroit Pistons
Isiah Thomas
71.5%
Detroit Pistons
Isiah Thomas
71.5%
Charlotte Hornets
Eddie Jones
70.6%
New York Knicks
Patrick Ewing
70.4%
New Orleans Pelicans
Anthony Davis
69.7%
Brooklyn Nets
Jayson Williams
68.3%
Miami Heat
Alonzo Mourning
68.1%
Team
Player
% Correct
Orlando Magic
Dwight Howard
68%
San Antonio Spurs
David Robinson
67.9%
Utah Jazz
Truck Robinson
67.7%
Minnesota T-
Wolves
Kevin Love
67%
Los Angeles Clippers
Chris Paul
65.6%
Portland Trailblazers
Clyde Drexler
64.8%
Portland Trailblazers
Clyde Drexler
64.8%
Sacramento Kings
Oscar Robertson
63.9%
Milwaukee Bucks
Alvin Robertson
63.8%
San Antonio Spurs
Alvin Robertson
63.8%
Denver Nuggets
Mark Jackson
63.6%
Indiana Pacers
Mark Jackson
63.6%
New York Knicks
Mark Jackson
63.6%
Memphis Grizzlies
Zach Randolph
63.5%
Philadelphia 76ers
Allen Iverson
62.6%
Charlotte Hornets
Alonzo Mourning
62.6%
Toronto Raptors
Chris Bosh
61.6%
Los Angeles Clippers
Elmore Smith
60.3%
Los Angeles Lakers
Elmore Smith
60.3%
Minnesota T-
Wolves
Ricky Rubio
60%
Denver Nuggets
Alex English
59.3%
Denver Nuggets
Dikembe Mutombo
58.8%
San Antonio Spurs
George Gervin
56.7%
Boston Celtics
Robert Parish
56.1%
Miami Heat
Tim Hardaway
54.3%
Orlando Magic
Anfernee Hardaway
54.3%
Atlanta Hawks
Bob Pettit
53.1%
Atlanta Hawks
Bob Pettit
53.1%
New Orleans Pelicans
Chris Paul
50.2%
New York Knicks
Bernard King
47.3%
Detroit Pistons
Jerry Stackhouse
47.1%
Charlotte Hornets
Anthony Mason
46.5%
Denver Nuggets
Marcus Camby
44.1%
Toronto Raptors
Marcus Camby
44.1%
Utah Jazz
Pete Maravich
42.6%
Los Angeles Clippers
Bill Walton
42.5%
Portland Trailblazers
Bill Walton
42.5%
Charlotte Hornets
Glen Rice
42.3%
New Orleans Pelicans
Tyson Chandler
42.3%
New Orleans Pelicans
Baron Davis
41.1%
Memphis Grizzlies
Mike Bibby
39.9%
Brooklyn Nets
Michael Ray Richardson
37.4%
New York Knicks
Michael Ray Richardson
37.4%
Minnesota T-
Wolves
Pooh Richardson
37.3%
Los Angeles Clippers
Bob McAdoo
37.3%
Golden State Warriors
Rick Barry
36.5%
Utah Jazz
Mark Eaton
34.8%
Memphis Grizzlies
Shareef Abdur-Rahim
34.2%
Milwaukee Bucks
Sam Cassell
33.2%
Oklahoma City Thunder
Lenny Wilkens
32.2%
Team
Player
% Correct
Dallas Mavericks
Mark Aguirre
31.1%
Toronto Raptors
Damon Stoudamire
30.1%
Dallas Mavericks
Shawn Bradley
29.1%
Brooklyn Nets
Shawn Bradley
29.1%
Golden State Warriors
Manute Bol
28.7%
Washington Wizards
Manute Bol
28.7%
Phoenix Suns
Tom Chambers
28.6%
Sacramento Kings
Tiny Archibald
28.5%
Dallas Mavericks
Derek Harper
27.3%
Cleveland Cavaliers
Ron Harper
27.3%
Atlanta Hawks
Mookie Blaylock
26.8%
Portland Trailblazers
Terry Porter
26.3%
Brooklyn Nets
Kevin Porter
26.3%
Charlotte Hornets
Muggsy Bogues
26.3%
Cleveland Cavaliers
Carlos Boozer
26%
Indiana Pacers
Troy Murphy
25.3%
Philadelphia 76ers
Maurice Cheeks
24.9%
Chicago Bulls
Artis Gilmore
23.1%
Cleveland Cavaliers
Larry Nance
21.3%
Phoenix Suns
Larry Nance
21.3%
Indiana Pacers
Billy Knight
21%
Atlanta Hawks
Doc Rivers
20.8%
Orlando Magic
Scott Skiles
20%
Oklahoma City Thunder
Serge Ibaka
19.9%
Philadelphia 76ers
Theo Ratliff
19.8%
Portland Trailblazers
Theo Ratliff
19.8%
Sacramento Kings
Jerry Lucas
19.6%
Houston Rockets
John Lucas
19.6%
San Antonio Spurs
John Lucas
19.6%
New York Knicks
Walt Bellamy
18.1%
Washington Wizards
Walt Bellamy
18.1%
Washington Wizards
Walt Bellamy
18.1%
Memphis Grizzlies
Mike Conley
17.3%
Atlanta Hawks
Tree Rollins
16.3%
Denver Nuggets
Fat Lever
15.1%
Washington Wizards
Rod Strickland
14.5%
Phoenix Suns
Ron Lee
12.6%
Toronto Raptors
Doug Christie
12.4%
Miami Heat
Rony Seikaly
12.4%
Oklahoma City Thunder
Spencer Haywood
11.6%
Washington Wizards
Larry Hughes
10.1%
Los Angeles Clippers
Norm Nixon
6.4%
Dallas Mavericks
James Donaldson
5.9%
Chicago Bulls
Guy Rodgers
5.1%
Golden State Warriors
Guy Rodgers
5.1%
Phoenix Suns
Paul Silas
4.5%
Indiana Pacers
Don Buse
2.3%
Oklahoma City Thunder
Slick Watts
2.1%
Sacramento Kings
Brian Taylor
2.1%
Sacramento Kings
Duane Causwell
0.9%
Quiz Playlist
Details
Report
Send in Message
Add To Playlist
More Info:
^ - Denotes Active NBA player *Includes entire franchise history, not just current city* *NBA records only. No ABA records are included*
Classic:
Type in answers that appear in a list
Quiz Source
Last Updated: Feb 16, 2017
Editor Pick in
Sports
Curator Pick in
NBA
Quiz Scoreboard
CHALLENGE
Sign Up to Join the Scoreboard
Show All
Scores
Hide
Comments
May contain spoilers
Recently Published
9x9 Crossword: Cartoon Network
by jackfrog10
Miscellaneous
3m
College Basketball Coaching Resumes
by pancakes188
Sports
9m
Billboard Blitz: Fleetwood Mac
by CooCooCachoo
Music
15s
More to Explore
Quiz From the Vault
Featured Blog Post
Where Did the Easter Bunny Come From?
hide this ad
You Might Also Like...
Tags
Basketball Quiz
NBA Quiz
Category
franchise
Player
record
team
total
Today's Top Quizzes in Sports
Browse Sports
hide this ad
Today's Top Quizzes in Basketball
Browse Basketball
Top Contributed Quizzes in Sports
1
2022 World Cup Stars
2
Les meilleurs buteurs des matchs entre le PSG et l’OM
3
FIFA Club World Cup Champions
4
Les entraîneurs de l'OM et du PSG au 21e siècle
5
Criteria MLB: Left Handed Sluggers
6
AFC Teams Reveal (Wrong Answers Minefield)
7
2023 MLB Unique Player Accomplishments
8
Players with Multiple 50 Home Run Seasons
9
5-to-1: FBS Animal Nicknames
10
5-to-1: UK Sports Teams
Explore More
Trending Topics
Anime
Harry Potter
Marvel
NBA
Disney
Crossword
Kpop
Song
Puzzle
Soccer
NFL
Country
The Office
WWE
Pokémon
hide this ad
More By:
ec2tc3
Quiz
Plays
Rating
Category
Featured
Created
NBA 30 PPG Seasons
572,129
4.65
Sports
May 1, 2010
NBA Top 100 Per Game Scorers
371,716
4.63
Sports
Mar 9, 2011
NBA Championship Starting Lineups
230,431
4.81
Sports
Feb 25, 2015
NBA Top Scorers by Franchise
225,112
4.73
Sports
Jun 3, 2011
NBA Single Game Scoring by Team
180,913
4.70
Sports
Mar 19, 2011
Go to Creator's Profile
Score Distribution
Quiz Creator Spotlight
ec2tc3
Follow
Send a Message
Quizzes Created
-
Created Quiz Play Count
-
More By This Creator
Popular Quizzes Today
1
Find the US States - No Outlines Minefield
2
Find the Countries of Europe - No Outlines Minefield
3
The Countries of the World
4
Find the US States
5
Risky Map Clicking: Biggest States A-Z
6
US States
7
Popular People in 1961
8
Movies - When Are They Set?
More Sports Quizzes
NFL Better with Age (QBs)
Published
Trending Quizzes
Risky Map Clicking: Least Populous States A-Z
1-10 Letter G Words
1-10 Letter F Words
Risky Map Clicking: Next State Alphabetically
Adjectives in 80s TV Shows
Recently Updated
Leaping Animals
pecheneg
Reality TV Shows (A-Z)
bhenderson79
Rickey Henderson's Hall of Fame Teammates
pecheneg
Champions League XIs: Arsenal
pecheneg
Quick Pick: Celebrities in WWE's Hall of Fame
aduchscher
A-Z Keypad Blitz II
pecheneg
Multiple Oscar Actors
pecheneg
Mystery Phrase Blitz: Oscar 'Best Actors'
pecheneg
F. Scott Fitzgerald Novels
LTH
Pick 3 Villains
ddd62291
Trending Topics
Marvel
Anime
Crossword
Kpop
NBA
Disney
Harry Potter
Country
Puzzle
Soccer
The Office
Pokémon
Song
NFL
WWE
Your Account Isn't Verified!
In order to create a playlist on Sporcle, you need to verify the email address you used during registration. Go to your
Sporcle Settings
to finish the process.
Report this User
Report this user for behavior that violates our
Community Guidelines
.
Details:
Send Report
Go to the Sporcle.com Mobile Site →
Comments